Регионална библиотека "Любен Каравелов" - Русе

Les Ecrivains francais juges par leurs contemporains (Запис номер 344605)

MARC детайли
000 -Лидер
Контролно поле с фиксирана дължина 01339nam a2200385 c 4500
003 - Код на организацията, давaща контролен номер
Контролно поле BLK
005 - Дата и час на последна редакция
Контролно поле 20240316005344.0
008 - Елементи от данни с фиксирана дължина
fixed length control field 180911b bul|||||r ||||||| ||bul||
010 ## - Наследен системен номер
LC control number 004271
040 ## - Източник на каталожния запис
Идентификатор на билиотеката - собственик на записа BLK
041 ## - Код за език
Код за езика на текст/звукозапис или на отделно заглавие Френски
Код за езика КДБФ Български
080 ## - УДК
Текстов определител УДК Сборник
УДК определител 92
УДК - код + определител 840.09840(092)92
100 1# - Редна дума - Автор
Автор HERVIER, Marcel
Авторска отговорност първи автор
R(LIN) 398029
245 00 - Сведения за заглавието
Заглавие Les Ecrivains francais juges par leurs contemporains
Том T. 4
Заглавие на том Le dix-neuvieme siecle - deuxieme pt
246 ## - Различни форми на заглавието
Текст за показване
Наименование на поредна част от произведението епос-сборници
260 ## - Област на издателските данни
Място на издаване, разпространение и проч. Paris
Име на издателя, разпространителя и проч. Mellottee
Година на издаване 1942
Дата на отпечатване 1942
300 ## - Физическа характеристика
Размери/Мащаб 19 см
380 ## - Жанр
Жанр Литературознание
490 ## - СЕРИИ (Колекции)
Име на серия Частна колекция - Академик Михаил Арнаудов
Бележки за серията Дарение - Основен фонд
500 ## - Общи забележки
Забележка Михаил Арнаудов: негови-книга. - Подчертавания в текста : с. 31.
520 ## - Забележка за наличие на резюме, анотация и т.н
Анотация, рецензия, сканиран текст
520 ## - Забележка за наличие на резюме, анотация и т.н
Анотация, рецензия, сканиран текст
650 #4 - Допълнително описание по предмет – тема
Основно описание – тема или топоним Биографии
9 (RLIN) 148657
650 #0 - Допълнително описание по предмет – тема
Основно описание – тема или топоним Сборници
9 (RLIN) 396392
653 ## - Ключова дума – ненормативна
Ключова дума епос
653 ## - Ключова дума – ненормативна
Ключова дума сборници
655 ## - Ключова дума – жанр/разновидност
Данни за жанр/разновидност или ключова дума за фокус Литературознание
700 1# - Други автори (авторска отговорност)
Лично име Marcel Hervier
9 (RLIN) 398030
760 ## - Описание на основната серия
Страници - том 249 с.
Част - том T. 4
Заглавие Le dix-neuvieme siecle - deuxieme pt
852 ## - Местоположение
Форматна сигнатура МА 1280
999 ## - СИСТЕМНИ КОНТРОЛНИ НОМЕРА
Koha biblionumber 344605
Koha biblioitemnumber 344605
942 ## - АРТИКУЛИ
Вид на библиотечния материал Книги
Скрит в OPAC Не
Периодичен библиозапис Да
944 ## - СЪЗДАВАНЕ И РЕДАКЦИЯ на ЗАПИСА
Създаване/Редакция Създаване
Дата на регистрацията/редакция 1996
Служител, извършил регистрацията/редакцията
Статус, дата на статуса CRON CRON
999 ## - СИСТЕМНИ КОНТРОЛНИ НОМЕРА
Koha biblioitemnumber 344605
999 ## - СИСТЕМНИ КОНТРОЛНИ НОМЕРА
Koha biblioitemnumber 344605
Наличности
Код за отписване Код за изгубен артикул Източник на класификационната схема Код за повреда Коз за рестрикции Код за отдаване Артикулен № Име на библиотеката - собственик Име на библиотеката, в която се намира в момента Статус (Текущо местоположение) Местоположение - отдел Цена в лева Номерация (Хронология) Инвентарен номер Систематично азбучна сигнатура Баркод Номер на екземпляра Цена в евро Служебен тип на артикула Бележка за публиката
  Не е изгубен Universal Decimal Classification Не е повреден без рестрикции Специални фондове ( старопечатни, редки и ценни, фонд М. Арнаудов) 745059 Регионална библиотека "Любен Каравелов" Русе Регионална библиотека "Любен Каравелов" Русе Фонд "Михаил Арнаудов" Фонд "Михаил Арнаудов" 10.00   588033 МА 1280 120000588033 1 5.11 Книги ; Подчертавания в текста : с. 31.;
Vip Innovations Ltd, Rousse, Bulgaria 2025